Thea Stilton and the ghost of the shipwreck / (Record no. 316)
[ view plain ]
| 000 -LEADER | |
|---|---|
| fixed length control field | 02046nam a22005297a 4500 |
| 001 - CONTROL NUMBER | |
| control field | 316 |
| 003 - CONTROL NUMBER IDENTIFIER | |
| control field | FISKH |
| 005 - DATE AND TIME OF LATEST TRANSACTION | |
| control field | 20230321082404.0 |
| 008 - FIXED-LENGTH DATA ELEMENTS--GENERAL INFORMATION | |
| fixed length control field | 230321b cb ||||| |||| 00| 0 eng d |
| 010 ## - LIBRARY OF CONGRESS CONTROL NUMBER | |
| LC control number | 2010278893 |
| 020 ## - INTERNATIONAL STANDARD BOOK NUMBER | |
| International Standard Book Number | 9780545150590 |
| 020 ## - INTERNATIONAL STANDARD BOOK NUMBER | |
| International Standard Book Number | 0545150590 |
| 035 ## - SYSTEM CONTROL NUMBER | |
| System control number | (OCoLC)ocn429027370 |
| 040 ## - CATALOGING SOURCE | |
| Original cataloging agency | BTCTA |
| Transcribing agency | BTCTA |
| Modifying agency | JQD |
| -- | YEQ |
| -- | UPZ |
| -- | F4L |
| -- | XY4 |
| -- | DLC |
| -- | FISKH |
| Language of cataloging | eng |
| 041 1# - LANGUAGE CODE | |
| Language code of text/sound track or separate title | eng |
| Language code of original | ita |
| 042 ## - AUTHENTICATION CODE | |
| Authentication code | lccopycat |
| 050 00 - LIBRARY OF CONGRESS CALL NUMBER | |
| Classification number | PZ7 |
| Item number | .T338 2010 |
| 082 00 - DEWEY DECIMAL CLASSIFICATION NUMBER | |
| Classification number | 464 |
| Edition number | 22 |
| 100 1# - MAIN ENTRY--PERSONAL NAME | |
| Personal name | Dami, Elisabetta |
| Dates associated with a name | 1958- |
| 240 10 - UNIFORM TITLE | |
| Uniform title | Vascello fantasma. |
| Language of a work | English |
| 245 10 - TITLE STATEMENT | |
| Title | Thea Stilton and the ghost of the shipwreck / |
| Statement of responsibility, etc. | [text by Thea Stilton ; illustrations by Maria Abagnale ... et al.]. |
| 246 1# - VARYING FORM OF TITLE | |
| Display text | At head of title: |
| Title proper/short title | Geronimo Stilton |
| 260 ## - PUBLICATION, DISTRIBUTION, ETC. | |
| Place of publication, distribution, etc. | New York |
| Name of publisher, distributor, etc. | Scholastic |
| Date of publication, distribution, etc. | 2010. |
| 300 ## - PHYSICAL DESCRIPTION | |
| Extent | 157 p. : |
| Other physical details | col. ill. ; |
| Dimensions | 20 cm. |
| 500 ## - GENERAL NOTE | |
| General note | "English translation ... by Atlantyca S.p.A."--T.p. verso. |
| 505 ## - FORMATTED CONTENTS NOTE | |
| Formatted contents note | M |
| 520 ## - SUMMARY, ETC. | |
| Summary, etc. | While five little mice at Mouseford Academy are looking for their missing biology professor, they dive to a haunted shipwreck off Whale Island to find a rare diamond that was lost when the ship sank. |
| 521 0# - TARGET AUDIENCE NOTE | |
| Target audience note | 700 <br/> |
| Source | Lexile |
| 521 1# - TARGET AUDIENCE NOTE | |
| Target audience note | M <br/> |
| Source | Raz-Plus |
| 600 10 - SUBJECT ADDED ENTRY--PERSONAL NAME | |
| Personal name | Dami, Elisabetta |
| Form subdivision | Juvenile fiction. |
| 650 #0 - SUBJECT ADDED ENTRY--TOPICAL TERM | |
| Topical term or geographic name entry element | Mice |
| Form subdivision | Juvenile fiction. |
| 650 #0 - SUBJECT ADDED ENTRY--TOPICAL TERM | |
| Topical term or geographic name entry element | Shipwrecks |
| Form subdivision | Juvenile fiction. |
| 650 #0 - SUBJECT ADDED ENTRY--TOPICAL TERM | |
| Topical term or geographic name entry element | Teachers |
| Form subdivision | Juvenile fiction. |
| 650 #0 - SUBJECT ADDED ENTRY--TOPICAL TERM | |
| Topical term or geographic name entry element | Missing persons |
| Form subdivision | Juvenile fiction. |
| 650 #1 - SUBJECT ADDED ENTRY--TOPICAL TERM | |
| Topical term or geographic name entry element | Mice |
| Form subdivision | Fiction. |
| 650 #1 - SUBJECT ADDED ENTRY--TOPICAL TERM | |
| Topical term or geographic name entry element | Shipwrecks |
| Form subdivision | Fiction. |
| 650 #1 - SUBJECT ADDED ENTRY--TOPICAL TERM | |
| Topical term or geographic name entry element | Teachers |
| Form subdivision | Fiction. |
| 650 #1 - SUBJECT ADDED ENTRY--TOPICAL TERM | |
| Topical term or geographic name entry element | Schools |
| Form subdivision | Fiction. |
| 650 #1 - SUBJECT ADDED ENTRY--TOPICAL TERM | |
| Topical term or geographic name entry element | Missing persons |
| Form subdivision | Fiction. |
| 650 #1 - SUBJECT ADDED ENTRY--TOPICAL TERM | |
| Topical term or geographic name entry element | Voyages and travels |
| Form subdivision | Fiction. |
| 650 #1 - SUBJECT ADDED ENTRY--TOPICAL TERM | |
| Topical term or geographic name entry element | Mystery and detective stories. |
| 700 1# - ADDED ENTRY--PERSONAL NAME | |
| Personal name | Abagnale, Maria, |
| Dates associated with a name | 1984- |
| 856 42 - ELECTRONIC LOCATION AND ACCESS | |
| Materials specified | Publisher description |
| Uniform Resource Identifier | <a href="http://www.loc.gov/catdir/enhancements/fy1116/2010278893-d.html">http://www.loc.gov/catdir/enhancements/fy1116/2010278893-d.html</a> |
| 856 42 - ELECTRONIC LOCATION AND ACCESS | |
| Materials specified | Contributor biographical information |
| Uniform Resource Identifier | <a href="http://www.loc.gov/catdir/enhancements/fy1301/2010278893-b.html">http://www.loc.gov/catdir/enhancements/fy1301/2010278893-b.html</a> |
| 906 ## - LOCAL DATA ELEMENT F, LDF (RLIN) | |
| a | 7 |
| b | cbc |
| c | copycat |
| d | 2 |
| e | ncip |
| f | 20 |
| g | y-gencatlg |
| 942 ## - ADDED ENTRY ELEMENTS (KOHA) | |
| Source of classification or shelving scheme | Dewey Decimal Classification |
| Koha item type | Books |
| Suppress in OPAC | No |
| Withdrawn status | Lost status | Source of classification or shelving scheme | Damaged status | Not for loan | Collection | Home library | Current library | Shelving location | Date acquired | Total Checkouts | Full call number | Barcode | Date due | Date last seen | Date last checked out | Price effective from | Koha item type |
|---|---|---|---|---|---|---|---|---|---|---|---|---|---|---|---|---|---|
| Dewey Decimal Classification | Juvenile Fiction | Footprints International School Library Network Toul Kork Campus | Footprints International School Library Network Toul Kork Campus | TK Primary Library Room(4th Floor), Bookcase 3&4, Shelves 17-32, Yellow Books | 03/21/2023 | 2 | DAM 464 PZ7.T338 | FISTK04640 | 04/08/2026 | 03/25/2026 | 03/25/2026 | 03/21/2023 | Books |
